[Event "Sinquefield Cup 2nd"]
[Site "Saint Louis"]
[Date "2014.08.27"]
[Round "1"]
[White "Topalov, Veselin"]
[Black "Caruana, Fabiano"]
[Result "0-1"]
[WhiteElo "2772"]
[BlackElo "2801"]
[Annotator "Sagar Shah"]
[PlyCount "69"]
[EventDate "2014.08.27"]
[EventType "tourn"]
[EventRounds "10"]
[EventCountry "USA"]
[EventCategory "23"]
[SourceTitle "CBM 162"]
[Source "ChessBase"]
[SourceDate "2014.09.17"]
[SourceVersion "1"]
[SourceVersionDate "2014.09.17"]
[SourceQuality "1"]

{Caruana had a dream tournament at the Sinquefield Open 2014. He won ahead of
Magnus Carlsen with an astonishing three point margin. After seven rounds
Caruana had a perfect score of 7.0/7. This was the first game of the
tournament and hence, it is interesting to see how it all began.} 1. Nf3 Nf6 2.
c4 c5 {White can play quietly with g3, Bg2 or he can play the Maroczy
structure with d4. Against whatever White chooses, Black has a good number of
ways to play as well. Hence, the Symmetrical English is one of the richest
openings in chess literature.} 3. Nc3 Nc6 ({Just to give you a glimpse of how
many varied setups are possible, let's consider the move ...d5.} 3... d5 4.
cxd5 Nxd5 5. e4 (5. g3 Nc6 {transposes to the game.}) 5... Nb4 (5... Nxc3 6.
dxc3 (6. bxc3 g6 7. d4 Bg7 {And believe it or not, we have transposed to the
Grünfeld Defence.}) 6... Qxd1+ 7. Kxd1 $14 {is a comfortable endgame for White
in which he scores well.}) 6. Bc4 Nd3+ 7. Ke2 Nf4+ 8. Kf1 Ne6 $13 {And out of
the eight opening moves, the black N has made five. But that's how modern
openings work.}) 4. g3 d5 5. cxd5 Nxd5 6. Bg2 (6. e4 $2 {is no longer any good
as after} Ndb4 $1 $17 {Black is just better.}) (6. d4 {is very strongly met
with} Qa5 $1) 6... Nc7 {In order to set up the Maroczy Bind with ...e5.} (6...
g6 {is another way to play} 7. O-O Bg7 8. Nxd5 Qxd5 9. d3 O-O {The latest
trend now is to sacrifice the b2-pawn with} 10. Be3 $5 {The game Karpov-Ribli,
Amsterdam, 1980, is one of the classics in this line.}) (6... e5 $2 7. Nxe5 $1
$16) 7. O-O e5 {In the Maroczy Bind structure which is defined by the pawns on
e5 and c5, Black has more space. But White is ahead in development and will
try to break Black's hold on the position with either b4 or f4. In the
meanwhile Black will try to finish his development.} 8. a3 {This move has
become quite popular after Mihail Marin recommended it in his book on the
English Opening. The idea is to pressurise the centre with the intention of
playing b4.} (8. d3 {is the normal way to play this system.} Be7 9. Nd2 {
Now there are two schools of thought here. One is that of the players who do
not mind ruining their structure by allowing Bxc6 and other is for thos who
prevent it by going Bd7. I prefer the former.} (9. Be3 {followed by Rc1 is the
other plan.} O-O 10. Rc1 f5 $5 {A relatively untested idea. But I think Black
is doing fine here.} 11. Na4 b6 12. b4 Nxb4 13. Nxe5 Nbd5 14. Bd2 (14. Nc6 Qd6
15. Nxe7+ Qxe7 $11) 14... Bf6 $11) 9... Bd7 $6 {this is a little timid and
unnecessary.} (9... O-O 10. Nc4 f6 11. f4 (11. Bxc6 bxc6 {I cannot believe
that White has an advantage here but it does lead to an imbalanced game,})
11... exf4 12. Bxf4 Kh8 {with an interesting position.}) 10. Nc4 f6 11. f4 b5
12. Ne3 exf4 13. Rxf4 $14 {White's chances have to be preferred here.}) 8...
Rb8 $5 {a very shrewd way to stop White from going b2-b4.} (8... Be7 $6 9. b4
$1 cxb4 10. axb4 Bxb4 $2 11. Nxe5 $1 Nxe5 12. Qa4+ Nc6 13. Bxc6+ bxc6 14. Qxb4
$18 {shows White's idea perfectly.}) 9. d3 {Topalov changes his plans and goes
for normal play.} (9. b4 $2 cxb4 10. axb4 Bxb4 11. Nxe5 Nxe5 12. Qa4+ Nc6 13.
Bxc6+ bxc6 {And you notice how the subtle move Ra8-b8 changes everything!}) (9.
Rb1 {is Marin's recommendation.} f6 {defending against b4.} 10. d3 (10. e3 $6
Bf5 $1) 10... Be7 11. Be3 Be6 $1 {A move which Marin does not cover.} (11...
O-O $6 {allows White to play b4.} 12. b4 $1 cxb4 13. axb4 $36) 12. Nd2 (12. b4
cxb4 13. axb4 Bxb4 $15 {There are no tactics for White here.}) 12... Qd7 {
Black is already very comfortable. In a top level game between Ding and
Nepomniachtchi, White played} 13. b4 cxb4 14. axb4 O-O (14... Bxb4 $2 15. Bxc6
bxc6 16. Bxa7 $14) 15. b5 Nd4 $15 {Black is already pushing for an advantage.})
9... Be7 10. Be3 (10. Nd2 {As we already know, the knight is going to c4 and
then White will go f4.} O-O 11. Nc4 Be6 $1 {The key difference because of the
inclusion of a3 and Rb8.} (11... f6 $6 12. f4 (12. Bxc6 bxc6 {is one of the
ideas in this opening. But here the inclusion of the moves a3 and Rb8 seems to
favour Black as his rook is on the open file.}) 12... exf4 13. Bxf4 $14 {
and this pin can be quite irritating.}) 12. Bxc6 Bxc4 {b7 is no longer hanging.
} (12... bxc6 13. Nxe5 $14) 13. Bxb7 Bxd3 14. Bg2 Bg6 $11) 10... O-O 11. Rc1
Bd7 (11... b6 $6 {with the idea of ...Bb7 is met with} 12. b4 $1 cxb4 13. axb4
Bxb4 14. Qa4 Bb7 (14... b5 15. Nxb5 Rxb5 16. Rxc6 $14) 15. Nxe5 Nxe5 16. Qxb4
Bxg2 17. Kxg2 $14) (11... Be6 $5 {was an interesting way to continue.} 12. Ne4
b6 13. b4 (13. Nfg5 Bg4 14. h3 Bd7 {Black is fine.}) 13... f5 14. Neg5 Bd5 15.
bxc5 h6 16. Nh3 Ne6 17. cxb6 axb6 $44) 12. Nd2 (12. Ne4 {Only a month
previously Nisipeanu had played this. And this looks like a much more coherent
way to play.} b6 13. b4 cxb4 14. axb4 Nb5 $1 {As played by Gabor Nagy is the
best.} (14... Bxb4 $6 {This can be a good point to stop and think - why did
White sacrifice his b4 pawn?} 15. d4 $1 {Precisely so! A superb central break
which leaves Black in trouble.} exd4 (15... Nd5 16. Bg5 f6 17. dxe5 $18) 16.
Nxd4 Ne7 (16... Nxd4 17. Qxd4 $16) 17. Nc2 Ba5 18. Bf4 $16) 15. Rc4 {And now
instead of Rc8 as in the game, f6 is strong with a fine position for Black.} f6
$11) 12... Nd4 $1 $11 {Black has finished his development without any major
catastrophe happening. Caruana's opening play has been successful.} 13. Nc4 f6
14. f4 {The only way to create counterplay in this position.} exf4 (14... b5
15. Na5 {with the knight looking towards squares like b7 and c6, White has
some pressure.}) 15. Bxf4 Nde6 (15... b5 16. Na5 $14) 16. Bd2 (16. Bd6 Bxd6 17.
Nxd6 Bc6 18. Bxc6 Qxd6 19. Bg2 f5 $11) 16... b6 {Caruana is careful and
consolidates his position. The position is quite complicated and dynamic, but
Black holds the long term trumps. Mainly because he has no weak pawns and has
only two pawn islands as compared to White's three. This explains why, if
White doesn't do anything his position will go downhill pretty soon.} 17. g4 $5
{What is Topalov trying to achieve? The main idea is to put his B on g3 via e1.
On g3 the B will be wonderfully placed and looking at the important dark
squares like d6 and c7. It's an ambitious plan that weakens the white pawn
structure and his king position but that is how Topalov plays.} Be8 {Caruana
too senses that f7 might be the best square for his bishop.} 18. Be1 b5 19. Ne3
(19. Na5 $2 Qd4+ 20. Kh1 Qxg4 $17) 19... Bd6 {Stopping Bg3.} 20. Ncd5 $6 {
As mentioned previously, any exchange is just going to help Black as he has
THE long term advantage of a better pawn structure.} (20. Nf5 {should have
been preferred.} Be5 21. e3 g6 22. Ng3 Qd7 {The position remains complicated
with mutual chances.}) 20... Nxd5 21. Bxd5 Bf7 {Black consolidates and White's
g3-g4 is looking very silly now. There are weaknesses all over the board.} 22.
Nf5 Be5 {I wonder what Topalov saw when he decided to go for this position.}
23. Qd2 (23. Bxe6 Bxe6 24. Rxc5 Bxf5 25. gxf5 Bd4+ 26. Bf2 Bxc5 27. Bxc5 Re8 (
27... Rf7 28. e4 Qd7 29. d4 {The central pawns looks a little menacing.}) 28.
Bxa7 Rb7 29. Bc5 Qd5 $15 {White may hold this one but there is no doubt that
Black is better.}) (23. Bc3 g6 24. Bxe5 fxe5 25. Nh6+ Kg7 26. Nxf7 Qxd5 $19)
23... Nd4 $1 {Cool play by Caruana. He keeps exchanging pieces which
accentuates the weaknesses in White's camp.} 24. Bxf7+ Rxf7 {The threat of Nb3
forces White to exchange one more pair of minor pieces.} 25. Rd1 Nxf5 26. gxf5
{Let us take stock of what has happened. White's king is shivering. White's
pawns are weak. The bishop which had a dream of going to g3 is lying passively
on e1. Black on the other hand has a safe king, a perfect pawn structure and a
monster on e5. This should be winning for Black.} (26. Rxf5 Qd4+ $19) 26...
Qd4+ 27. Bf2 Qg4+ 28. Kh1 c4 $1 {At first it is difficult to understand what
is the point of this move. But on closer inspection, we can notice that
Caruana is trying to remove the d3-pawn which controls the important e4-square
and at the same time open the b-file for his R standing on b8.} (28... Qxf5 29.
Bxc5 {unnecessarily gives White counterplay.}) (28... Qh5 29. Bg1 {and White
is holding on.}) 29. Qc2 {trying to control the important e4 square after dxc4.
} (29. dxc4 Qe4+ 30. Kg1 bxc4 31. Bd4 Rd7 32. e3 h5 33. Qc3 Qg4+ 34. Kh1 Kh7
$19) 29... Re8 $1 {X-raying the e2-pawn.} 30. dxc4 $2 {Missing Black's idea
but the position is already very difficult and it is hard to suggest a
reasonable alternative for White.} Qh5 $1 {Surprisingly, it is difficult to
defend h2.} 31. h4 (31. Bg1 Bxh2 $1 {This move ends all resistance.} 32. Bxh2
Rxe2 33. Rd8+ Rf8 34. Rxf8+ Kxf8 $19) 31... Qg4 32. Qd3 bxc4 33. Qe3 Rfe7 34.
b3 Bb2 $1 {The final accurate move. The B controls the c1-square and next will
follow c3-c2. A perfect game by Caruana who made use of every little mistake
committed by the Bulgarian grandmaster.} 35. Z0 (35. Qf3 Qxf3+ 36. exf3 c3 $19)
0-1

[Event "Hoogovens"]
[Site "Wijk aan Zee"]
[Date "1998.01.21"]
[Round "5"]
[White "Anand, Viswanathan"]
[Black "Topalov, Veselin"]
[Result "1-0"]
[WhiteElo "2770"]
[BlackElo "2740"]
[Annotator "Anand,V"]
[PlyCount "57"]
[EventDate "1998.01.16"]
[EventType "tourn"]
[EventRounds "13"]
[EventCountry "NED"]
[EventCategory "17"]
[SourceTitle "CBM 063"]
[Source "ChessBase"]
[SourceDate "1998.03.26"]
[SourceVersion "1"]
[SourceVersionDate "1998.03.26"]
[SourceQuality "1"]

{Kramnik had an explosive start with 4/4 and Topalov and me were on a "mere" 3/
4.} 1. e4 e5 2. Nf3 Nc6 3. Bb5 a6 4. Ba4 Nf6 5. O-O b5 6. Bb3 Bc5 {Topalov and
Shirov have been playing this line for some two years now and have been
responsible for it's growth in popularity. They have had many interesting
encounters in this line as well. As with topical lines, the theory develops
rapidly. I beat Shirov in Groningen, but in the 3rd round in Wijk aan Zee,
Piket had shown an improvement over Shirov's play in Groningen, so the ball
was back in White's court. I was attracted to a plan that Topalov used against
Shirov used in Madrid 1997, so I decide to give it a shot.} 7. a4 Rb8 8. c3 d6
9. d4 Bb6 10. axb5 axb5 11. h3 {Topalov had a big advantage against Shirov and
subsequently Hracek obliterated Shirov in the Bundesliga. Nevertheless, Shirov
demonstrated an improvement on these games as well (against me in the last
round of Wijk aan Zee), so matters are not clear here theoretically speaking.
Topalov deviated even earlier.} O-O 12. Re1 Re8 $5 {Topalov prefers to leave
the bishop on c8 and pressurize e4.} (12... Bb7 13. Na3 {Topalov's point - in
comparision with a normal Archangelsk, White has a concrete target on b5.} exd4
14. cxd4 Na5 15. Bc2 b4 16. Nb1 c5 17. Bg5 h6 18. Bh4 cxd4 $1 {The last word
on this variation - Anand-Shirov Wijk aan Zee (13) 1998. However, it's time to
leave theory and go back to the game!} (18... g5 $2 19. Nxg5 hxg5 20. Bxg5 b3
21. Bxb3 $1 (21. Bd3 c4 {Topalov-Shirov Madrid 1997}) 21... cxd4 22. Ra3 $1 $16
{Hracek-Shirov})) 13. Na3 b4 $1 {The next few moves all look forced.} 14. Nc4 (
14. dxe5 bxa3 $1 (14... dxe5 15. Nc4 $14) 15. exf6 axb2 16. Bxb2 (16. Bxf7+
Kxf7 17. Qd5+ Be6 18. Ng5+ Kg8 19. f7+ (19. Nxe6 Qxf6) 19... Kh8 $3 20. Nxe6
bxa1=Q 21. Nxd8 Rexd8 $19) 16... Qxf6 $11) 14... bxc3 15. bxc3 exd4 16. Nxb6 (
16. cxd4 $2 Nxd4 $1 $17) 16... Rxb6 17. cxd4 Nxe4 (17... Rxe4 $2 18. Bxf7+ $1
$16) 18. Bxf7+ Kxf7 19. Rxe4 Rxe4 20. Ng5+ Kg8 21. Nxe4 {Black has simplified
the position and even got bishops of opposite colours. Nevertheless, he still
has to be careful. His pieces are misplaced - the rook on b6 and even the
knight on c6 are vulnerable in some lines. Black's king is slightly exposed,
not only because he only has two pawns in front of him, but because of vague
threats of Ra8 etc.} Bf5 22. Ng5 $1 Ne7 (22... h6 $2 23. Qf3 Ne7 24. Ra8 Rb8 (
24... Bc8 25. Qf7+ Kh8 26. Qxe7 $1) 25. Qb3+ $1 $18) 23. g4 $1 Bg6 (23... Bd7
24. Qf3 $1 $18 (24. Qd3 g6 $16)) 24. Ne6 Qc8 $4 {We thought that 22...Ne7 was
a big mistake, but in fact it is only 24...Qc8 that proves fatal. I found 22...
Qb8 at home trying to stop Ra7, but I am unable to find anything really
convincing against it.} (24... Qb8 $1 {Maybe White is still better, but it
doesn't look too serious.} 25. d5 (25. Qf3 d5) 25... Bf7 $1 {The difference is
that Black has Rb1 is many lines.} (25... c5 26. Bg5 $16) 26. Qd4 (26. Nxg7 $2
Kxg7 27. Qd4+ Kf8 28. Bh6+ (28. Qh8+ Ng8 29. Bh6+ Ke8 30. Re1+ Kd7 $17) 28...
Ke8 29. Re1 Rb1 $1 $17) (26. Bg5 Ng6 27. Nd8 (27. Be3 Rb5) (27. Qd4 Ne5) 27...
Ne5) 26... Bxe6 27. dxe6 Rb1 28. Rxb1 Qxb1 29. Qf4 h6 (29... Qg6 30. Qa4 $14)
30. Qf7+ Kh7 31. Qxe7 Qxc1+ 32. Kg2 {This might just be a draw.}) 25. d5 $1 {
I don't see any defence anymore.} Bf7 (25... c5 26. Ra7 $1 {Topalov} Rb7 27.
Rxb7 Qxb7 28. Qf3 $1 Qc8 (28... Bf7 29. Qxf7+ $1 $18) 29. Qc3 $18) 26. Nxg7 $1
Kxg7 {Both alternatives would have prolonged the game, but Black's king is
much too weak now to really save the game.} (26... Bxd5 27. Nh5 $16) (26...
Nxd5 27. Nf5 $16) 27. Qd4+ Kf8 (27... Kg8 28. Bh6 $18) (27... Kg6 {The most
tricky line.} 28. Qe4+ Kf6 (28... Nf5 29. Ra3 $1 $18) 29. Bh6 $1 {My intention
during the game.} (29. g5+ Kg7 30. Qxe7 Qf5 31. Ra8 $1 Kg6 {I thought during
the game, but later Fritz found a way} 32. Qf8 $1 Qxh3 33. Ra3 {Still, this
isn't the easiest line around.}) 29... Nf5 (29... Bxd5 30. Qxh7 Nf5 31. Re1
Nxh6 32. Qxh6+ Kf7 33. Qh5+ $18) (29... Bg6 30. Qd4+ Kf7 31. Qg7+ Ke8 32. Bg5
Qd8 33. Ra8 $18) 30. gxf5 Qxf5 (30... Qg8+ 31. Kh2 Bxd5 32. Qh4+ Kxf5 33. Qh5+
Kf6 34. Rg1 $18) 31. Qh4+ Kg6 (31... Ke5 32. Rd1 $1 Bxd5 33. Qe7+ $18) 32. Kh2
$18) 28. Bh6+ Ke8 29. Re1 {Kramnik lost to Shirov and now I joined him in the
lead with 4/5.} (29. Re1 Kd7 30. Rxe7+ $1 Kxe7 31. Qe4+ Be6 $8 (31... Kf6 32.
g5#) (31... Kd7 32. Qf5+ $18) 32. Qxh7+ Bf7 (32... Ke8 33. Qh8+ Ke7 34. Bg5+
Kf7 35. Qh7+ Kf8 36. Qe7+ Kg8 37. Bh6 Qd7 38. Qf8+ Kh7 39. dxe6 $18) 33. Qe4+
Be6 34. Bg5+ Kf8 35. dxe6 $18) 1-0

[Event "Amber-rapid 05th"]
[Site "Monte Carlo"]
[Date "1996.??.??"]
[Round "10"]
[White "Karpov, Anatoly"]
[Black "Xie, Jun"]
[Result "1/2-1/2"]
[WhiteElo "2770"]
[BlackElo "2530"]
[PlyCount "168"]
[EventDate "1996.04.??"]
[EventType "tourn (rapid)"]
[EventRounds "11"]
[EventCountry "MNC"]
[EventCategory "17"]
[SourceTitle "CBM 052 Extra"]
[Source "ChessBase"]
[SourceDate "1996.07.01"]
[SourceVersion "1"]
[SourceVersionDate "1996.07.01"]
[SourceQuality "1"]

1. d4 Nf6 2. c4 g6 3. g3 Bg7 4. Bg2 d5 5. cxd5 Nxd5 6. Nf3 O-O 7. O-O Nb6 8.
Nc3 Nc6 9. e3 Re8 10. Re1 a5 11. b3 e5 12. Nxe5 Nxe5 13. dxe5 Bxe5 14. Bb2 c6
15. Qc2 a4 16. Nxa4 Nxa4 17. Bxe5 Rxe5 18. bxa4 Qa5 19. Red1 Re8 20. Rd4 Bf5
21. Qb2 Ra6 22. Rb4 Bc8 23. Rc1 c5 24. Rb5 Qxa4 25. Rbxc5 Be6 26. Bxb7 Rd6 27.
a3 Red8 28. Bf3 Bh3 29. Re1 Rd2 30. Qc1 Ra2 31. Rd5 Rc8 32. Rc5 Rb8 33. Bd5
Rxa3 34. Rc7 Rf8 35. Rd1 Qa6 36. Qb2 Rd3 37. Rcc1 Bg4 38. Rxd3 Qxd3 39. Bg2 Qd7
40. h4 Rc8 41. Ra1 Bf5 42. Qe5 h5 43. Bd5 Re8 44. Qd4 Be6 45. Ra5 Rc8 46. Kg2
Qc7 47. Bxe6 Qxa5 48. Bxf7+ Kh7 49. Be6 Qa8+ 50. e4 Rc7 51. Kh2 Qf8 52. Kg2 Qe7
53. Bd5 Qc5 54. Qf6 Qe7 55. Qf4 Kg7 56. Qe3 Qc5 57. Qb3 Qd4 58. Qb8 Re7 59.
Qg8+ Kh6 60. Qf8+ Qg7 61. Qf4+ Kh7 62. Qb8 Qf6 63. Qb4 Kg7 64. Qa5 Re8 65. Qc5
Re7 66. f4 Re8 67. Qc7+ Qe7 68. Qc3+ Kh6 69. Qc6 Kg7 70. e5 Rd8 71. Kh2 Rb8 72.
Be4 Qf7 73. Qd6 Rb2+ 74. Kh3 Ra2 75. Qc6 Re2 76. e6 Qe7 77. Qd5 Qf6 78. Qd7+
Kh6 79. Qd5 Kg7 80. Qb7+ Kh6 81. Qd5 Kg7 82. Qc6 Qb2 83. Bg2 Qf6 84. Be4 Qb2
1/2-1/2

[Event "Dortmund SuperGM"]
[Site "Dortmund"]
[Date "2000.07.09"]
[Round "3"]
[White "Kramnik, Vladimir"]
[Black "Bareev, Evgeny"]
[Result "1/2-1/2"]
[WhiteElo "2770"]
[BlackElo "2702"]
[Annotator "Huebner,R"]
[PlyCount "44"]
[EventDate "2000.07.07"]
[EventType "tourn"]
[EventRounds "9"]
[EventCountry "GER"]
[EventCategory "17"]
[SourceTitle "CBM 078"]
[Source "ChessBase"]
[SourceDate "2000.10.18"]
[SourceVersion "1"]
[SourceVersionDate "2000.10.18"]
[SourceQuality "1"]

1. d4 d5 2. c4 c6 3. Nf3 Nf6 4. Nc3 dxc4 5. a4 Bf5 6. Nh4 e6 7. Nxf5 exf5 8. e3
Bb4 9. Bxc4 O-O 10. O-O Nbd7 11. Qc2 g6 12. f3 Rc8 13. Kh1 Nb6 (13... c5 14. d5
Nb6 15. Ba2 c4 16. e4 fxe4 17. fxe4 Ng4 18. Qe2 Ne5 19. Be3 a6 20. Bd4 Bd6 21.
Rad1 Nbd7 22. b3 cxb3 23. Bxb3 Qa5 24. Qb2 Rfe8 25. h3 {1/2-1/2 Lautier,
J-Sakaev,K/Las Vegas 1999/CBM 72 (25)}) 14. Bb3 c5 15. a5 cxd4 16. axb6 {
Der Textzug führt zu einem forcierten Remis.} ({Nach} 16. exd4 Nbd5 {hat
Schwarz sicher keine Probleme.}) 16... dxc3 17. bxa7 cxb2 18. Qxb2 Bc3 19.
Bxf7+ {Ohne diese überraschende Möglichkeit wäre Weiß natürlich verloren.} Rxf7
(19... Kg7 $2 20. Qxb7 Bxa1 21. Be6+ Rc7 22. a8=Q {brächte den Schwarzen in
Schwierigkeiten.}) (19... Kh8 20. a8=Q Qd3 21. Rg1 Rxa8 22. Rxa8 Bxb2 23. Rxf8+
Kg7 24. Rc8 Bxc1 25. Rc7 Qxe3 26. Rgxc1 {ergab ebenfalls eine ausgeglichene
Stellung.}) 20. Qxc3 Rxc3 21. a8=Q Qxa8 22. Rxa8+ Kg7 1/2-1/2

[Event "FTX Crypto Cup KO 2021"]
[Site "chess24.com INT"]
[Date "2021.05.27"]
[Round "1.23"]
[White "So, W."]
[Black "Vachier Lagrave, M."]
[Result "1/2-1/2"]
[WhiteElo "2770"]
[BlackElo "2760"]
[PlyCount "88"]
[EventDate "2021.05.26"]
[EventType "k.o. (rapid)"]
[EventRounds "3"]
[SourceTitle "The Week in Chess 1386"]
[Source "Mark Crowther"]
[SourceDate "2021.05.31"]
[SourceVersion "1"]
[SourceVersionDate "2021.05.31"]
[SourceQuality "2"]

1. d4 e6 2. Nf3 Nf6 3. c4 Nc6 4. g3 Bb4+ 5. Nbd2 d6 6. a3 Bxd2+ 7. Qxd2 Qe7 8.
Bg2 e5 9. O-O O-O 10. b4 Bf5 11. Bb2 Be4 12. Rfe1 Rfe8 13. b5 Nxd4 14. Nxd4
exd4 15. f3 Bg6 16. Qxd4 Qe3+ 17. Qxe3 Rxe3 18. Bd4 Rb3 19. e4 Nd7 20. f4 f6
21. e5 fxe5 22. fxe5 dxe5 23. Bxe5 Nxe5 24. Rxe5 Bf7 25. Rc5 c6 26. bxc6 bxc6
27. Rxc6 Rd8 28. Rc7 h5 29. Rxa7 Bxc4 30. Ra8 Rxa8 31. Bxa8 g5 32. Rc1 Bf7 33.
Rd1 Rxa3 34. Bd5 h4 35. Bxf7+ Kxf7 36. gxh4 gxh4 37. Rd4 h3 38. Rg4 Kf6 39. Rg3
Rxg3+ 40. hxg3 Kg5 41. Kh1 Kh5 42. Kg1 Kg5 43. Kh1 Kh5 44. Kg1 Kg5 1/2-1/2

[Event "London Classic Elite blitz 6th"]
[Site "London"]
[Date "2014.12.08"]
[Round "7"]
[White "Kramnik, Vladimir"]
[Black "Caruana, Fabiano"]
[Result "1-0"]
[WhiteElo "2769"]
[BlackElo "2829"]
[PlyCount "93"]
[EventDate "2014.12.08"]
[EventType "tourn (blitz)"]
[EventRounds "10"]
[EventCountry "ENG"]
[EventCategory "22"]
[SourceTitle "EXT 2016"]
[Source "ChessBase"]
[SourceDate "2015.10.08"]
[SourceVersion "1"]
[SourceVersionDate "2015.10.08"]
[SourceQuality "1"]

1. Nf3 d6 2. d4 g6 3. e4 Bg7 4. Bc4 e6 5. O-O a6 6. Re1 Nf6 7. e5 dxe5 8. Nxe5
O-O 9. Bg5 h6 10. Bh4 c5 11. Qf3 cxd4 12. Nd2 Nbd7 13. Nxf7 Rxf7 14. Bxe6 Nf8
15. Bxf7+ Kxf7 16. Ne4 g5 17. Bg3 Bg4 18. Nd6+ Kg8 19. Qxb7 N8d7 20. Qb3+ Kh7
21. Qd3+ Kg8 22. Qxd4 Bh5 23. Nf5 Bf8 24. Bd6 Bg6 25. Ne7+ Kh7 26. Nxg6 Kxg6
27. Re6 Bxd6 28. Rxd6 Qe7 29. h3 Ne5 30. Rd1 Rc8 31. Qe4+ Kg7 32. Qf5 Rc6 33.
Rxc6 Nxc6 34. c3 Ne5 35. Kh1 Ng6 36. Qd3 Qb7 37. b4 Nf4 38. Qf3 Qc7 39. a4 h5
40. b5 axb5 41. axb5 Qc5 42. Rb1 N6d5 43. b6 Nxc3 44. b7 Nxb1 45. b8=Q Nd2 46.
Qfb7+ Kf6 47. Qh8+ 1-0